[Event "Turkey IS Bank Super League 2017"]
[Site "Darica-Kocaeli"]
[Date "2017.07.31"]
[Round "7"]
[White "Atalik, Ekaterina"]
[Black "Unuk, Laura"]
[Result "1-0"]
[WhiteElo "2445"]
[BlackElo "2343"]
[Annotator "TA"]
[PlyCount "79"]
[EventType "team-tourn"]
[EventCountry "TUR"]
[SourceTitle "playchess.com"]
[Source "ChessBase"]
[SourceQuality "1"]

{[%evp 23,79,10,18,-2,8,8,33,29,39,37,25,25,45,27,35,17,22,16,14,0,0,0,58,77,92,40,46,54,45,35,42,25,51,19,18,11,6,14,16,16,26,25,27,31,64,29,145,60,166,159,152,143,4718,4718,29984,29985,29992,29993]} 1. d4 Nf6 2. Nf3 e6 3. c4 Bb4+ 4. Nbd2 O-O 5. a3 Be7 6. e4 d5 7. e5 Nfd7 {[%cal Bf6d7,Bd7c5,Bc5d3][%mdl 32]} 8. Bd3 {E11: Bogo-Indian} c5 9. h4 (9. Qc2 h6 10. O-O Nc6 11. Nb3 cxd4 12. Re1 dxc4 13. Qxc4 Nb6 14. Qc2 f5 15. exf6 Rxf6 {½-½ (67) Vachier Lagrave,M (2758)-Tomashevsky,E (2758) Baku 2015}) 9... g6 10. h5 cxd4 11. cxd5 exd5 12. Qc2 Nc5 {LiveBook: 7 Games} 13. Nxd4 Nc6 14. N2f3 {[%cal Rh5g6]} Bg4 15. hxg6 Nxd3+ 16. Qxd3 fxg6 17. O-O $146 Qd7 18. Bh6 Bxf3 19. Nxf3 Rf5 20. Rfe1 Qe6 {[%cal Rc6e5]} 21. Bd2 (21. Qb3 $5 {[%cal Ra1c1]}) 21... Raf8 22. Rad1 Bc5 (22... Nxe5 $11 23. Nxe5 Rxe5) 23. Bh6 $14 Rd8 {[%cal Rc6e5] [#]} 24. Bg5 (24. b4 $1 $16 {[%cal Rb4c5]} Bb6 25. Bg5) 24... Be7 25. Bxe7 Qxe7 26. Qe3 a6 27. b4 Rd7 28. Kf1 Qe6 29. Nd4 $36 {[%mdl 2048] White is pushing.} Nxd4 30. Qxd4 Kg7 31. Re2 Rh5 {[%cal Rh5h1]} 32. Kg1 Rg5 33. f3 h5 34. a4 (34. b5 $5) 34... Kh6 (34... Rf5 $11) 35. Rc1 ({White should try} 35. Qd2 $16) 35... Re7 ({Better is} 35... Rf5 $14) 36. Qd2 $18 Qf5 37. Qxd5 Rxe5 $2 {[%mdl 8192] [#]} (37... Rd7 $16 38. Qb3 Qf4) 38. Qd8 $1 {[%cal Rd8h8][%mdl 512]} Rxg2+ 39. Rxg2 {[%cal Rd8h8]} Qf7 40. Qh8+ {Precision: White = 46%, Black = 35%.} 1-0

[Event "Turkey IS Bank Super League 2017"]
[Site "Darica-Kocaeli"]
[Date "2017.07.31"]
[Round "7"]
[White "Erdogdu, Mert"]
[Black "Benidze, Davit"]
[Result "1/2-1/2"]
[WhiteElo "2445"]
[BlackElo "2515"]
[Annotator "TA"]
[PlyCount "68"]
[EventType "team-tourn"]
[EventCountry "TUR"]
[SourceTitle "playchess.com"]
[Source "ChessBase"]
[SourceQuality "1"]

{[%evp 12,68,1,-5,0,-14,-8,-6,-10,-25,0,0,0,0,14,15,11,0,0,0,0,0,0,-6,20,-28,0,0,0,0,0,0,4,0,18,0,0,0,69,63,67,62,91,78,88,80,91,91,91,88,100,62,70,53,54,0,0,0,0]} 1. c4 Nf6 2. Nc3 g6 3. g3 Bg7 4. Bg2 O-O 5. Nf3 b6 6. O-O Bb7 7. d3 d5 {A15: English Opening: 1...Nf6} 8. cxd5 Nxd5 9. Bd2 c5 10. Rc1 Nc6 11. Qa4 e6 12. a3 Nd4 $146 ({Predecessor:} 12... Rc8 13. Rfe1 a6 14. Bg5 Qd7 15. Qh4 Nde7 16. Na4 {½-½ (32) Miroshnichenko,E (2599)-Navara,D (2602) Antalya 2004}) 13. Nxd4 Bxd4 14. b4 Nxc3 15. Bxc3 Bxg2 16. Kxg2 Qd5+ 17. Kg1 Rfc8 (17... a5 {feels hotter.} 18. bxa5 Rfb8 19. Rfe1 h5 20. Bxd4 Rxa5 21. Qc4 Qxd4 22. Qxd4 cxd4 23. Ra1 Rc8) 18. bxc5 Bxc3 (18... Bxc5 {looks sharper.} 19. Bb2 b5 20. Qh4 e5 21. Qg5 Re8) 19. Rxc3 Rxc5 20. Rfc1 Rxc3 21. Rxc3 $11 {[%mdl 4096] Endgame KQR-KQR} Qe5 22. Rc2 a5 23. d4 $36 {[%mdl 2048] White is more active.} (23. Qc6 $5 {[%cal Rc6a8]} Rb8 24. Kg2 $11) 23... Qd5 {[#] aiming for ...b5.} 24. Qc6 Rd8 ({Better is} 24... Qxc6 $11 25. Rxc6 b5) 25. Qxb6 $14 Qxd4 26. Qxa5 Rb8 27. Qe1 Rb3 28. Qc1 Kg7 29. Rc4 Qe5 30. e3 Qd5 31. Rc3 Rb5 32. a4 Rb4 33. Qa1 (33. Qc2 $1 $14) 33... e5 $11 34. Rc1 Qa5 {Precision: White = 50%, Black = 53%.} 1/2-1/2

[Event "Turkey IS Bank Super League 2017"]
[Site "Darica-Kocaeli"]
[Date "2017.07.31"]
[Round "7"]
[White "Arat, Ufuk Sezen"]
[Black "Agdelen, Huseyin Can"]
[Result "0-1"]
[WhiteElo "2400"]
[BlackElo "2309"]
[Annotator "ChessBase"]
[PlyCount "110"]
[EventType "team-tourn"]
[EventCountry "TUR"]
[SourceTitle "playchess.com"]
[Source "ChessBase"]
[SourceQuality "1"]
[TimeControl "40/5400+30:1800+30"]

1. c4 {[%emt 0:00:30]} e5 {[%emt 0:01:00]} 2. Nc3 {[%emt 0:00:30]} Nf6 {[%emt 0:00:30]} 3. g3 {[%emt 0:00:30]} Bb4 {[%emt 0:00:30]} 4. Bg2 {[%emt 0:00:30]} O-O {[%emt 0:01:30]} 5. e3 {[%emt 0:05:30]} Bxc3 {[%emt 0:09:30]} 6. bxc3 {[%emt 0:00:30]} d6 {[%emt 0:03:30]} 7. d3 {[%emt 0:11:30]} e4 {[%emt 0:18:30]} 8. dxe4 {[%emt 0:01:30]} Re8 {[%emt 0:00:30]} 9. c5 {[%emt 0:06:30]} Nxe4 {[%emt 0:08:30]} 10. cxd6 {[%emt 0:05:30]} Nxd6 {[%emt 0:00:30]} 11. Ne2 {[%emt 0:01:30]} Nd7 {[%emt 0:08:30]} 12. O-O {[%emt 0:03:30]} Ne5 {[%emt 0:01:30]} 13. e4 {[%emt 0:07:30]} Nec4 {[%emt 0:05:30]} 14. Nf4 {[%emt 0:00:30]} c6 {[%emt 0:17:30]} 15. Re1 {[%emt 0:03:30]} Qa5 {[%emt 0:01:56]} 16. Qb3 {[%emt 0:09:30]} Bf5 {[%emt 0:02:52]} 17. Re2 {[%emt 0:07:30]} Bd7 {[%emt 0:00:23]} 18. Bd2 {[%emt 0:10:30]} Qc5 {[%emt 0:11:38]} 19. Nd3 {[%emt 0:08:01]} Qh5 {[%emt 0:00:08]} 20. Nf4 {[%emt 0:01:37]} Qc5 {[%emt 0:00:04]} 21. Nd3 {[%emt 0:04:47]} Qh5 {[%emt 0:00:30]} 22. Rae1 {[%emt 0:00:00]} Bg4 {[%emt 0:04:39]} 23. Nf4 {[%emt 0:00:03]} Qc5 {[%emt 0:01:00]} 24. Be3 {[%emt 0:00:30]} Nxe3 {[%emt 0:00:13]} 25. Rxe3 {[%emt 0:00:01]} b5 {[%emt 0:01:02]} 26. h3 {[%emt 0:01:21]} Be6 {[%emt 0:00:11]} 27. Nxe6 {[%emt 0:01:34]} Rxe6 {[%emt 0:00:05]} 28. Kh2 {[%emt 0:04:35]} Nc4 {[%emt 0:00:27]} 29. R3e2 {[%emt 0:00:06]} Rd8 {[%emt 0:00:20]} 30. f4 {[%emt 0:00:43]} Rd3 {[%emt 0:00:36]} 31. Qc2 {[%emt 0:04:09]} Rd8 {[%emt 0:01:51]} 32. e5 {[%emt 0:00:39]} g6 {[%emt 0:00:16]} 33. Re4 {[%emt 0:00:36]} Rd2 {[%emt 0:00:24]} 34. Rxc4 {[%emt 0:00:56]} Qf2 {[%emt 0:00:02]} 35. Qxd2 {[%emt 0:00:41]} Qxd2 {[%emt 0:00:30]} 36. Rce4 {[%emt 0:00:30]} Qxc3 {[%emt 0:00:30]} 37. g4 {[%emt 0:00:00]} f5 {[%emt 0:00:51]} 38. R4e3 {[%emt 0:00:00]} Qc4 {[%emt 0:00:59]} 39. Kg3 {[%emt 0:00:00]} g5 {[%emt 0:00:00]} 40. Rf1 {[%emt 0:00:00]} Qd4 {[%emt 0:00:33]} 41. Ref3 {[%emt 0:03:41]} fxg4 {[%emt 0:04:30]} 42. hxg4 {[%emt 0:06:30]} gxf4+ {[%emt 0:00:30]} 43. Rxf4 {[%emt 0:00:30]} Qxe5 {[%emt 0:00:30]} 44. Be4 {[%emt 0:00:30]} Qd6 {[%emt 0:01:30]} 45. Kg2 {[%emt 0:01:30]} c5 {[%emt 0:03:30]} 46. R1f2 {[%emt 0:02:57]} c4 {[%emt 0:00:30]} 47. g5 {[%emt 0:00:18]} c3 {[%emt 0:03:38]} 48. Bc2 {[%emt 0:02:58]} a5 {[%emt 0:16:15]} 49. a4 {[%emt 0:06:00]} Qd5+ {[%emt 0:00:04]} 50. Kh2 {[%emt 0:00:07]} Re1 {[%emt 0:00:19]} 51. Rf5 {[%emt 0:07:12]} Qh1+ {[%emt 0:02:01]} 52. Kg3 {[%emt 0:00:04]} Rg1+ {[%emt 0:00:18]} 53. Kf4 {[%emt 0:00:15]} Qh4+ {[%emt 0:00:00]} 54. Ke3 {[%emt 0:05:01]} Re1+ {[%emt 0:00:03]} 55. Re2 {[%emt 0:00:14]} Qg3+ {[%emt 0:00:41]} 0-1

[Event "Turkey IS Bank Super League 2017"]
[Site "Darica-Kocaeli"]
[Date "2017.07.31"]
[Round "7"]
[White "Atakisi, Umut"]
[Black "Ertan, Can"]
[Result "0-1"]
[WhiteElo "2373"]
[BlackElo "2377"]
[Annotator "NA"]
[PlyCount "120"]
[EventType "team-tourn"]
[EventCountry "TUR"]
[SourceTitle "playchess.com"]
[Source "ChessBase"]
[SourceQuality "1"]
[TimeControl "40/5400+30:1800+30"]

1. Nf3 {[%emt 0:00:00]} Nf6 {[%emt 0:01:00]} 2. c4 {[%emt 0:00:00]} e6 {[%emt 0:00:30]} 3. g3 {[%emt 0:00:30]} d5 {[%emt 0:00:30]} 4. Bg2 {[%emt 0:00:30]} d4 {[%emt 0:00:30]} 5. e3 {[%emt 0:00:30]} c5 {[%emt 0:00:30]} 6. O-O {[%emt 0:00:30]} Nc6 {[%emt 0:00:30]} 7. exd4 {[%emt 0:00:30]} cxd4 {[%emt 0:00:30]} 8. d3 {[%emt 0:00:30]} Bd6 {[%emt 0:00:30] A13: English Opening: 1...e6} 9. Na3 {[%emt 0:00:30]} (9. Bg5 h6 10. Bxf6 Qxf6 11. Nbd2 Qd8 12. a3 a5 13. Rc1 O-O 14. Re1 Bd7 15. c5 Be7 16. Ne4 {½-½ (26) Bruzon Batista,L (2652)-Mareco,S (2648) Saint Louis 2017}) 9... O-O {[%emt 0:00:00]} 10. Re1 {[%emt 0:01:30]} h6 {[%emt 0:00:00]} 11. Nc2 {[%emt 0:14:30]} a5 {[%emt 0:01:30]} 12. b3 {[%emt 0:04:30]} Re8 {[%emt 0:15:30]} ({Black should play} 12... e5 $15) 13. a3 {[%emt 0:21:30]} e5 {[%emt 0:00:00]} 14. Rb1 {[%emt 0:00:30]} Bg4 $146 {[%emt 0:00:00]} ({Predecessor:} 14... Bf5) 15. h3 {[%emt 0:00:30]} Bh5 {[%emt 0:00:30]} 16. g4 {[%emt 0:11:30]} Bg6 {[%emt 0:00:00]} 17. Nh4 {[%emt 0:00:30]} Ne4 {[%emt 0:03:00]} 18. Bxe4 {[%emt 0:05:30]} ({Wrong is} 18. Nxg6 $2 Nc3 $19) 18... Bxe4 {[%emt 0:06:30]} 19. Rxe4 {[%emt 0:00:30]} Qxh4 {[%emt 0:00:30]} 20. Qf3 {[%emt 0:05:30]} Qe7 {[%emt 0:00:30]} 21. h4 {[%emt 0:00:30]} Qf8 {[%emt 0:01:30]} 22. b4 {[%emt 0:09:30]} axb4 {[%emt 0:07:30]} 23. Nxb4 {[%emt 0:00:00]} Nxb4 {[%emt 0:05:30]} 24. axb4 {[%emt 0:00:00]} Bxb4 {[%emt 0:00:30]} 25. Re2 {[%emt 0:06:34]} b6 {[%emt 0:18:30]} 26. g5 {[%emt 0:01:08]} Re6 {[%emt 0:02:30]} 27. gxh6 {[%emt 0:03:44]} gxh6 {[%emt 0:03:30]} 28. h5 $15 {[%emt 0:02:58]} (28. Rxb4 $5 Ra1 29. Rb5 Rxc1+ 30. Kh2 $15) 28... Rae8 {[%emt 0:05:30]} 29. Qf5 {[%emt 0:04:09]} Qg7+ {[%emt 0:01:30]} 30. Kf1 {[%emt 0:01:51]} Be7 {[%emt 0:01:30]} 31. Re4 {[%emt 0:01:17]} Qh7 {[%emt 0:03:30]} 32. Qxh7+ {[%emt 0:01:59]} Kxh7 {[%emt 0:00:30]} 33. f4 {[%emt 0:00:09]} Bc5 {[%emt 0:00:30]} 34. Kf2 {[%emt 0:02:11]} exf4 {[%emt 0:03:19]} 35. Kf3 {[%emt 0:00:04]} Rxe4 {[%emt 0:00:53]} 36. dxe4 {[%emt 0:00:30]} Re5 {[%emt 0:00:00]} 37. Bxf4 {[%emt 0:00:59]} Rxh5 {[%emt 0:00:00]} 38. Kg4 {[%emt 0:01:16]} Kg6 {[%emt 0:00:18]} 39. Bc7 {[%emt 0:00:00]} f5+ {[%emt 0:04:42]} 40. exf5+ {[%emt 0:00:00]} Rxf5 {[%emt 0:00:18]} 41. Bxb6 {[%emt 0:01:41]} h5+ {[%emt 0:00:30]} 42. Kg3 {[%emt 0:12:02]} Kf6 {[%emt 0:03:30]} 43. Bxc5 {[%emt 0:03:47]} Rxc5 {[%emt 0:00:30]} 44. Kf4 {[%emt 0:00:00]} Rxc4 {[%emt 0:00:30]} 45. Rb6+ {[%emt 0:00:00]} Kf7 {[%emt 0:00:30]} 46. Ke4 {[%emt 0:00:00]} h4 {[%emt 0:00:30]} 47. Kd3 {[%emt 0:04:01]} Ra4 {[%emt 0:00:30]} 48. Rh6 {[%emt 0:00:04]} h3 {[%emt 0:00:30]} 49. Ke4 {[%emt 0:01:04]} Ra3 {[%emt 0:10:30]} 50. Kxd4 {[%emt 0:00:31]} Kg7 {[%emt 0:00:30]} 51. Rh5 {[%emt 0:00:19]} Kg6 {[%emt 0:00:30]} 52. Rh8 {[%emt 0:00:30]} Kf5 {[%emt 0:00:00]} 53. Rf8+ {[%emt 0:11:33]} Kg4 {[%emt 0:00:00]} 54. Rh8 {[%emt 0:01:13]} Kg3 {[%emt 0:03:30]} 55. Rg8+ {[%emt 0:00:23]} Kf2 {[%emt 0:00:30]} 56. Rb8 {[%emt 0:00:43]} h2 {[%emt 0:01:30]} 57. Rb2+ {[%emt 0:00:21]} Kg3 {[%emt 0:00:30]} 58. Rb1 {[%emt 0:00:09]} Kg2 {[%emt 0:00:30]} 59. Rb2+ {[%emt 0:00:02]} Kh3 {[%emt 0:00:00]} 60. Rb1 {[%emt 0:00:04]} Rg3 {[%emt 0:00:00]} 0-1

[Event "Turkey IS Bank Super League 2017"]
[Site "Darica-Kocaeli"]
[Date "2017.07.31"]
[Round "7"]
[White "Soysal, Serkan"]
[Black "Yurtseven, Melih"]
[Result "1-0"]
[WhiteElo "2367"]
[BlackElo "2353"]
[Annotator "NA"]
[PlyCount "73"]
[EventType "team-tourn"]
[EventCountry "TUR"]
[SourceTitle "playchess.com"]
[Source "ChessBase"]
[SourceQuality "1"]
[TimeControl "40/5400+30:1800+30"]

1. d4 {[%emt 0:00:30]} g6 {[%emt 0:01:00]} 2. c4 {[%emt 0:00:30]} Bg7 {[%emt 0:00:30]} 3. e4 {[%emt 0:00:30]} d6 {[%emt 0:00:30]} 4. Nc3 {[%emt 0:00:30]} Nf6 {[%emt 0:00:30]} 5. h3 {[%emt 0:00:30]} O-O {[%emt 0:00:30]} 6. Be3 {[%emt 0:00:30]} Na6 {[%emt 0:02:30]} 7. Nf3 {[%emt 0:08:30]} c5 {[%emt 0:01:30]} 8. Be2 {[%emt 0:04:30]} cxd4 {[%emt 0:00:30]} 9. Nxd4 {[%emt 0:01:30]} Nc5 {[%emt 0:11:30]} 10. Qc2 {[%emt 0:00:30]} b6 {[%emt 0:02:30]} 11. O-O {[%emt 0:20:30]} Bb7 {[%emt 0:00:30]} 12. Bf3 {[%emt 0:00:30]} Nfd7 {[%emt 0:17:30]} 13. b4 {[%emt 0:05:30]} Na6 {[%emt 0:06:30]} 14. Qb3 {[%emt 0:02:30]} Nc7 $14 {[%emt 0:01:30]} 15. Rfd1 {[%emt 0:08:30]} a6 {[%emt 0:05:30]} 16. Rac1 {[%emt 0:00:30]} e6 {[%emt 0:04:30]} 17. e5 {[%emt 0:37:06]} d5 {[%emt 0:23:05]} 18. cxd5 {[%emt 0:00:47]} Nxe5 {[%emt 0:00:20]} 19. dxe6 {[%emt 0:01:46]} Bxf3 {[%emt 0:00:17]} 20. exf7+ {[%emt 0:01:54]} Kh8 {[%emt 0:00:07]} 21. Nxf3 {[%emt 0:00:00]} Nxf3+ {[%emt 0:00:27]} 22. gxf3 {[%emt 0:00:03]} Qh4 {[%emt 0:00:21]} 23. Kg2 {[%emt 0:00:43]} Nb5 {[%emt 0:07:28]} 24. Ne4 {[%emt 0:00:20]} Ra7 {[%emt 0:00:30]} 25. Bg5 {[%emt 0:00:58]} Qh5 26. f4 {[%emt 0:01:03]} Qe2 {[%emt 0:05:50]} 27. Re1 {[%emt 0:00:30]} Qb2 {[%emt 0:00:30]} 28. Qxb2 {[%emt 0:00:00]} Bxb2 {[%emt 0:00:00]} 29. a4 {[%emt 0:00:00]} Na3 {[%emt 0:03:12]} 30. Re2 {[%emt 0:00:23]} Bg7 {[%emt 0:00:55]} 31. Nd6 {[%emt 0:00:37]} h6 {[%emt 0:04:22]} 32. Be7 {[%emt 0:00:45]} Rfa8 {[%emt 0:01:04]} 33. Nc8 {[%emt 0:01:50]} Rxe7 {[%emt 0:00:24]} 34. Rxe7 {[%emt 0:01:22]} Bf8 {[%emt 0:00:15]} 35. Re8 {[%emt 0:00:29]} Kg7 {[%emt 0:00:02]} 36. Nd6 {[%emt 0:00:21]} Ra7 {[%emt 0:00:30]} 37. Rxf8 {[%emt 0:00:00]} 1-0

[Event "Turkey IS Bank Super League 2017"]
[Site "Darica-Kocaeli"]
[Date "2017.07.31"]
[Round "7"]
[White "Mammadova, Gulnar"]
[Black "Muzychuk, Anna"]
[Result "0-1"]
[WhiteElo "2357"]
[BlackElo "2572"]
[Annotator "TA"]
[PlyCount "126"]
[EventType "team-tourn"]
[EventCountry "TUR"]
[SourceTitle "playchess.com"]
[Source "ChessBase"]
[SourceQuality "1"]

{[%evp 21,126,0,0,0,0,0,13,-21,0,-21,-8,0,-25,-31,-30,-32,-33,-28,-48,-110,-77,-89,-7,-26,-11,-16,0,0,0,-84,-77,-77,-73,-76,-78,-84,-77,-70,-74,-72,-79,-80,-72,-113,-105,-127,-36,-44,-46,-68,-68,-78,-77,-103,-103,-99,-111,-169,-134,-134,-134,-208,-204,-193,-202,-196,-95,-253,-246,-248,-252,-253,-250,-248,-229,-238,-225,-319,-271,-270,-259,-261,-195,-362,-329,-390,-406,-442,-452,-485,-420,-476,-486,-482,-468,-1305,-1284,-1093,-1089,-1265,-1295,-1189,-1167,-29956,-6694,-4766,-4598]} 1. e4 e6 2. d4 d5 3. Nc3 Nf6 4. Bg5 dxe4 5. Nxe4 Be7 6. Bxf6 gxf6 7. Nf3 f5 8. Nc3 a6 {C13: French: Classical System: 4 Bg5 Be7, Alekhine-Chatard Attack} 9. Qd2 (9. a4 b6 10. Bc4 c6 11. Qe2 Nd7 12. O-O Nf6 13. Rad1 b5 14. Bb3 b4 15. Na2 Qc7 16. Rfe1 {1-0 (39) Ivanchuk,V (2738)-Navara,D (2737) Prague 2017}) 9... b5 10. O-O-O Qd6 11. Qe3 Nd7 {LiveBook: 7 Games} 12. d5 Nb6 {[%cal Re6d5]} 13. dxe6 Qxe6 14. Qxe6 $146 ({Predecessor:} 14. Qf4 Bd6 15. Qh4 Be7 16. Qf4 {1-0 (43) Hector,J (2488)-Gupta,A (2634) London 2016}) 14... fxe6 15. Be2 Bf6 16. Nd4 e5 17. Bh5+ Kf8 18. Nb3 Rg8 19. g3 b4 $36 {[%mdl 2048] Black is pushing.} 20. Nb1 (20. Nd5 $15 Nxd5 21. Rxd5) 20... Na4 21. c3 bxc3 (21... Rb8 $17 {White should prevent ...Be6.} 22. Be2 Be6) 22. Nxc3 $11 Nxc3 23. bxc3 Be6 24. Kc2 a5 {[%cal Ba6a5,Ba5a4][%mdl 32]} 25. Rhe1 (25. a4 $11) 25... a4 $1 $17 {[%cal Ra4b3]} 26. Nc5 Bxa2 27. Ra1 Bd5 {And now ...Ke7 would win.} 28. Rxa4 Rxa4 29. Nxa4 Ke7 30. Be2 Ra8 31. Nb2 e4 32. Bc4 c6 $1 33. Bb3 Rb8 ({Better is} 33... Ra3 $17 34. c4 Be6) 34. Nc4 Rb5 {aiming for ...Rc5.} 35. Ra1 Rc5 36. Ra4 Ke6 37. h3 h5 38. h4 {[#]} f4 $1 {[%mdl 512]} 39. Kd2 {[#]} (39. gxf4 $17 Kf5 40. f3) 39... e3+ $1 {[%mdl 512]} 40. Ke2 (40. fxe3 fxg3) 40... exf2 41. Kxf2 (41. gxf4 $17 {was necessary.} Bxh4 42. f5+ Kf6 43. Ne3 Rxc3 44. Nxd5+ cxd5 45. Rxh4 Rxb3 46. Kxf2) 41... fxg3+ $19 ({Resist} 41... Bxc3 42. gxf4 Bf6 43. Kg3 $17) 42. Kxg3 Bxc3 43. Kf2 {[#]} Bd4+ (43... Bf6 $1 $19 {has better winning chances.} 44. Ke2 Bxh4) 44. Kg3 $2 (44. Ke2 $17 {was called for.}) 44... Bf6 45. Kh3 Bc3 46. Kg3 Be1+ 47. Kh3 Kf6 48. Ra1 Be6+ ({Don't play} 48... Bxc4 49. Bxc4 Rxc4 50. Rxe1 $17) 49. Kh2 (49. Kg2 {was the only chance.}) 49... Bxh4 50. Nd2 {Hoping for Ne4+.} Re5 {Strongly threatening ...Re2+.} 51. Rf1+ Ke7 52. Bd1 $2 (52. Bxe6 Kxe6 53. Nf3 Re2+ 54. Kh3) 52... Bf6 53. Nf3 Re4 54. Nd2 Re3 55. Bf3 Bc3 56. Nb1 Be5+ 57. Kg2 h4 58. Bxc6 (58. Nd2 $142) 58... Bh3+ 59. Kf2 Bd4 {Threatens to win with ...Re6+.} 60. Rd1 Bb6 61. Rh1 Bg4 62. Bb7 Rb3+ (62... Rd3+ $142 63. Kf1 h3 64. Rxh3 Bxh3+ 65. Ke2 Re3+ 66. Kd1 Bg4+ 67. Kd2 Bd4 68. Be4 Rxe4 69. Nc3 Re5 70. Kd3 Bf2 71. Kc4 Be6+ 72. Kd3 Bf5+ 73. Kc4 Rc5+ 74. Kb4 Be6 75. Na4 Rc2 76. Ka5 Be1+ 77. Ka6 Bc8+ 78. Kb6 Kd6 79. Nc3 Rxc3 80. Kb5 Ra3 81. Kc4 Bf2 82. Kb5 Ba6+ 83. Kb4 Bc5#) 63. Ke1 Rxb1+ {Precision: White = 38%, Black = 66%.} 0-1

[Event "Turkey IS Bank Super League 2017"]
[Site "Darica-Kocaeli"]
[Date "2017.07.31"]
[Round "7"]
[White "Kerigan, Demre"]
[Black "Karatekin, Tamer"]
[Result "1-0"]
[WhiteElo "2354"]
[BlackElo "2287"]
[Annotator "NA"]
[PlyCount "75"]
[EventType "team-tourn"]
[EventCountry "TUR"]
[SourceTitle "playchess.com"]
[Source "ChessBase"]
[SourceQuality "1"]
[TimeControl "40/5400+30:1800+30"]

1. e4 {[%emt 0:00:30]} e6 {[%emt 0:02:00]} 2. d4 {[%emt 0:00:30]} d5 {[%emt 0:00:30]} 3. Nd2 {[%emt 0:00:30]} c5 {[%emt 0:00:30]} 4. exd5 {[%emt 0:00:30]} exd5 {[%emt 0:03:30]} 5. Bb5+ {[%emt 0:02:30]} Bd7 {[%emt 0:00:30]} 6. Qe2+ {[%emt 0:00:30]} Be7 {[%emt 0:00:30]} 7. dxc5 {[%emt 0:02:30]} Nf6 {[%emt 0:00:30]} 8. Ngf3 {[%emt 0:00:00]} O-O {[%emt 0:00:00]} 9. Bxd7 {[%emt 0:01:00]} Nbxd7 {[%emt 0:01:00]} 10. O-O {[%emt 0:04:30] C08: French Tarrasch: 3...c5 4 exd5 exd5 sidelines} Nxc5 {[%emt 0:01:30]} 11. Nb3 {[%emt 0:00:30]} Nce4 {[%emt 0:00:30]} 12. Bf4 {[%emt 0:01:30]} Re8 {[%emt 0:00:30]} 13. Qb5 {[%emt 0:03:30]} Bd6 {[%emt 0:07:30]} 14. Bxd6 $146 {[%emt 0:06:30]} ({Predecessor:} 14. Be3 Qc7 15. h3 a6 16. Qd3 Rac8 17. c3 b5 {½-½ (47) Rjabzev,K (2292)-Gavrilov,A (2491) Voronezh 2014}) 14... Nxd6 {[%emt 0:00:30]} 15. Qd3 {[%emt 0:01:30]} Nc4 {[%emt 0:01:30]} 16. Rab1 {[%emt 0:01:30]} Qb6 {[%emt 0:05:30]} 17. c3 {[%emt 0:16:30]} Qa6 {[%emt 0:06:30]} 18. Nbd4 {[%emt 0:02:30]} Ne4 {[%emt 0:05:30]} 19. Rfe1 $15 {[%emt 0:25:30]} Qxa2 {[%emt 0:09:30]} 20. Nf5 {[%emt 0:02:30]} Ncd6 {[%emt 0:26:30]} 21. Ne3 {[%emt 0:10:42]} Nf6 {[%emt 0:02:30]} 22. Red1 {[%emt 0:02:31]} Rad8 {[%emt 0:09:23]} 23. Ra1 {[%emt 0:06:52]} Qb3 {[%emt 0:00:01]} 24. Rxa7 {[%emt 0:00:35]} g6 {[%emt 0:02:51]} 25. Raa1 {[%emt 0:02:24]} Nde4 {[%emt 0:05:00]} 26. Qc2 {[%emt 0:00:26]} Qb6 {[%emt 0:00:23]} 27. Rd4 {[%emt 0:00:12]} Re6 {[%emt 0:03:06]} 28. Rad1 {[%emt 0:00:15]} Rde8 {[%emt 0:00:56]} 29. Nxd5 {[%emt 0:01:17]} Nxd5 {[%emt 0:00:37]} 30. Rxd5 {[%emt 0:00:05]} Ng5 {[%emt 0:01:12]} 31. Rxg5 {[%emt 0:02:50]} Re2 {[%emt 0:00:39]} 32. Qc1 {[%emt 0:00:19]} Qxf2+ {[%emt 0:00:25]} 33. Kh1 {[%emt 0:00:04]} Rc2 {[%emt 0:03:18]} 34. Qf4 {[%emt 0:00:44]} Rce2 {[%emt 0:02:03]} 35. h4 {[%emt 0:01:20]} h6 {[%emt 0:00:23]} 36. Rg4 {[%emt 0:01:19]} h5 {[%emt 0:00:13]} 37. Rg5 {[%emt 0:00:16]} R8e4 {[%emt 0:00:59]} 38. Rd8+ {[%emt 0:00:41]} 1-0